000 00579nam a22001937a 4500
999 _c8060
_d8060
003 OSt
005 20230120103255.0
008 230120b ||||| |||| 00| 0 eng d
020 _a0415417538
040 _cddc
082 _a973 WIL 2007
100 _aWilson, Geoffrey
_916402
245 _aLondon United Tramways:
_ba history - 1894 to 1933
260 _aLondon;
_b Allen & Unwin:
_c2007
300 _a3-240 p., 48 plates:
_b illus;
_c24 cm
650 _aLondon United Tramways.
_916403
650 _aStreet-railroads -- England -- London -- History
_916404
942 _2ddc
_cBOOK